Lonely Guardian Of Khojak Pass / (Record no. 187472)
[ view plain ]
| 000 -LEADER | |
|---|---|
| fixed length control field | 00869 a2200157 4500 |
| 003 - CONTROL NUMBER IDENTIFIER | |
| control field | Nust |
| 005 - DATE AND TIME OF LATEST TRANSACTION | |
| control field | 20230406101737.0 |
| 040 ## - CATALOGING SOURCE | |
| Transcribing agency | Nust |
| 082 ## - DEWEY DECIMAL CLASSIFICATION NUMBER | |
| Classification number | 954.1,RIZ |
| 100 ## - MAIN ENTRY--PERSONAL NAME | |
| Personal name | Rizwanullah , Mohammad |
| 9 (RLIN) | 111758 |
| 245 ## - TITLE STATEMENT | |
| Title | Lonely Guardian Of Khojak Pass / |
| Statement of responsibility, etc. | Lt Col Mohammad Rizwanullah |
| 300 ## - PHYSICAL DESCRIPTION | |
| Extent | 181;p |
| 505 ## - FORMATTED CONTENTS NOTE | |
| Formatted contents note | Baluchistan (Page-1), History of Baluchistan (Page-9), Sir Robert Sandeman (Page-31), Quetta (Page-53), Folklore of Baluchistan (Page-61), Water Supply in Ancient Time (Page-101), History of Quetta Water Supply 1889 to 1923 (Page-115), History of Quetta Water Supply 1923 to 1959 (Page-127), History of Quetta Water Supply 1960-1963 (Page-135), Karezes In Baluchistan (Page-153), Minutes of two Important Conferences in Connection With Quetta Water Supply (Page-161). |
| 650 ## - SUBJECT ADDED ENTRY--TOPICAL TERM | |
| Topical term or geographic name entry element | Lonely Guardian Of Khojak |
| 9 (RLIN) | 111759 |
| 942 ## - ADDED ENTRY ELEMENTS (KOHA) | |
| Source of classification or shelving scheme | |
| Koha item type | Book |
| Call number prefix | 954.1,RIZ |
| Withdrawn status | Lost status | Source of classification or shelving scheme | Damaged status | Not for loan | Permanent Location | Current Location | Shelving location | Date acquired | Full call number | Barcode | Date last seen | Price effective from | Koha item type | Public note |
|---|---|---|---|---|---|---|---|---|---|---|---|---|---|---|
| Military College of Signals (MCS) | Military College of Signals (MCS) | General Stacks | 12/12/2016 | 954.1,RIZ | MCS30209 | 12/08/2016 | 12/12/2016 | Book | Almirah No.75, Shelf No.7 |
